| 000 | 01520nam0a2200385 4500 | ||
|---|---|---|---|
| 001 | RU\NLR\bibl\332858 | ||
| 005 | 20250621145237.0 | ||
| 010 |
_a5-7877-0023-6 _93000 |
||
| 021 |
_aRU _b2002-37841 _91850 |
||
| 035 | _a(NLR Aleph) 000327813 | ||
| 090 |
_a137901 _c137901 |
||
| 100 | _a20021025d2002 |||y0rusy50 ca | ||
| 101 | 1 | _arus | |
| 102 | _aRU | ||
| 105 | _ay ||||||||| | ||
| 200 | 1 |
_aТолковая Псалтирь Евфимия Зигабена (греческого философа и монаха), изъясненная по свято-отеческим толкованиям _e[Пер. |
|
| 205 | _aРепр. изд.] | ||
| 210 |
_aМ. _cПравосл. приход Храма Казан. иконы Божией Матери в Ясенево _d2002 |
||
| 215 |
_a1162 с. _d27 |
||
| 605 |
_aБиблия _iВетхий Завет _iПсалтырь _xТолкование _92191472 _3RU\NLR\auth\661317340 |
||
| 605 |
_aБиблия _iВ.З _iПсалтирь _2psbo |
||
| 610 | 0 | _aПсалтырь | |
| 675 |
_a27-246.2 _v3 _zrus |
||
| 686 |
_a21.01 _2rugasnti |
||
| 686 |
_a86.3 _2rubbk |
||
| 686 | _aЭ37-210.913 | ||
| 700 | 1 |
_4070 _7ca _8rus _aЕвфимий Зигабен _cИоанн _cмонах _fок.1050-ок.1122 _9214204 _3RU\NLR\AUTH\770214260 |
|
| 801 | 0 |
_aRU _bRKP _c20021025 _gPSBO |
|
| 801 | 1 |
_aRU _bRKP _c20021025 |
|
| 801 | 2 |
_aRU _bNLR _c20021205 _grcr |
|
| 942 | _cBOOK | ||
| 980 | _aNB | ||